Ekonomický vývoj Rwandy po roku 1994 bakalárska práca

Salvato in:
Dettagli Bibliografici
Autore principale: Dechtická, Zuzana
Ente Autore: Fakulta medzinárodných vzťahov EU. Katedra medzinárodných ekonomických vzťahov a hospodárskej diplomacie
Altri autori: Hlavová, Natália, 1991-
Natura: Libro
Lingua:slovacco
Pubblicazione: Bratislava 2017
Tags: Aggiungi Tag
Nessun Tag, puoi essere il primo ad aggiungerne!!

MARC

LEADER 00000nbm a2200000 4500
001 0232087
005 20180221143559.5
041 0 |a slo 
044 |a SK 
245 1 0 |a Ekonomický vývoj Rwandy po roku 1994  |b bakalárska práca  |c Zuzana Dechtická ; školiteľ: Natália Hlavová 
264 1 |a Bratislava  |c 2017 
300 |a 53 s. 
100 1 |a Dechtická, Zuzana 
700 1 |a Hlavová, Natália, 1991- 
710 2 |a Fakulta medzinárodných vzťahov EU. Katedra medzinárodných ekonomických vzťahov a hospodárskej diplomacie